Como ser guionista de cine, radio y t.v. /

Guardado en:
Autor Principal: Puig, Jaime J.
Formato: Libro
Publicado: Barcelona : Mitre,, 1986
Materias:
Etiquetas: Agregar Etiqueta
Sin Etiquetas, Sea el primero en etiquetar este registro!
LEADER 00569nam a22002055a 4500
001 CEM.cems005171
005 20060220000000.0
008 130507s1986##################000#0#####d
003 CEMS
082 0 4 |a 808.22 
100 1 |a Puig, Jaime J. 
245 1 0 |a Como ser guionista de cine, radio y t.v. / 
260 |a Barcelona :  |b Mitre,,  |c 1986 
300 |a 159 p. 
653 |a Guion cinematografico 
653 |a Guion de television 
653 |a Guion radial 
653 |a Guion-modelos 
653 |a Guion-teoria 
859 |a CEMS  |b BIB. CEMS - 11 de abril  |h 808.22  |i P964  |p 16372.91  |t Ej.1